00605nam a2200181 a 450000100100000000500170001000800410002702000180006804000250008610000280011124500710013926000400021030000210025050000210027104900090029295201050030199900170040600003428520200930073623.0110929s2009 cu 000 0 spa d a9789591016256 aDO-SdBNPbspacBNPHU1 aFornet, Ambrosio91554510aNarrar la nación :bensayos en blanco y negro /cmbrosio Fornet. aLa Habana :bLetras cubanas,c2009. a492 p. ;c24 cm. aIncluye índice aBNPD 001050718MOaGRbGRcCTd2011-09-29iLF1l0o p34285-10r2020-06-25w2020-06-25y1ZNo se presta c33776d33776